Giáo trình ngân hàng thương mại

Cung cấp những kiến thức cơ bản liên quan đến các hoạt động kinh doanh của ngân hàng thương mại gồm: Nghiệp vụ huy động vốn, tín dụng, nghiệp vụ cho vay, cho thuê tài chính, chiết khấu, bảo lãnh, thanh toán, nghiệp vụ tín dụng tài trợ xuất nha...

Fuld beskrivelse

Đã lưu trong:
Bibliografiske detaljer
Hovedforfatter: Trầm, Thị Xuân Hương
Andre forfattere: Hoàng, Thị Minh Ngọc
Format: Bog
Sprog:Undetermined
Udgivet: Tp. Hồ Chí Minh Kinh tế Tp. Hồ Chí Minh 2018
Fag:
Online adgang:http://lrc.tdmu.edu.vn/opac/search/detail.asp?aID=2&ID=37672
Tags: Tilføj Tag
Ingen Tags, Vær først til at tagge denne postø!
Thư viện lưu trữ: Trung tâm Học liệu Trường Đại học Thủ Dầu Một
LEADER 01326nam a2200217Ia 4500
001 TDMU_37672
008 210410s9999 xx 000 0 und d
082 |a 610 
090 |b TR120 
100 |a Trầm, Thị Xuân Hương 
245 0 |a Giáo trình ngân hàng thương mại 
245 0 |c Trầm Thị Xuân Hương, Hoàng Thị Minh Ngọc (ch.b.), Hoàng Đức và [nh.ng. khác] 
260 |a Tp. Hồ Chí Minh 
260 |b Kinh tế Tp. Hồ Chí Minh 
260 |c 2018 
300 |a 380tr. 
520 |a Cung cấp những kiến thức cơ bản liên quan đến các hoạt động kinh doanh của ngân hàng thương mại gồm: Nghiệp vụ huy động vốn, tín dụng, nghiệp vụ cho vay, cho thuê tài chính, chiết khấu, bảo lãnh, thanh toán, nghiệp vụ tín dụng tài trợ xuất nhập khẩu, nghiệp vụ thanh toán trong nước, dịch vụ ngân hàng điện tử, thanh toán quốc tế, kinh doanh ngoại hối... 
650 |a Ngân hàng thương mại  |v Giáo trình 
700 |a Hoàng, Thị Minh Ngọc 
856 |u http://lrc.tdmu.edu.vn/opac/search/detail.asp?aID=2&ID=37672 
980 |a Trung tâm Học liệu Trường Đại học Thủ Dầu Một